00981nam a22002537a 45000010005000000030006000050050017000110080041000280200018000690400029000870500016001160820016001321000020001482450087001682600043002553000054002984900043003525050008003955200182004035210020005855210020006056500042006256500060006675355FISKH20241127154815.0241127b cb ||||| |||| 00| 0 eng d a9780531265512 aFISKHbengcFISKHdFISKH aHV6432.F743 a363.3250973 aFriedman, Mark  aAmerica's Struggle with Terrorism : bBringing History to Life /cby Mark Friedman aNew York : bChildren Press ; c2012.  a64 pages:bcolor illustrations , maps ;c24 cm .  a Cornerstones of FreedomvThird Series aZ  aAn account of the September 11 attacks in the United States, with a discussion of the war on terrorism, anthrax attacks, and new security measures put into place since that day.8 a920 bLexile 8 aZ bRaz-Plus  aTerrorism- United State vNon-fiction aTerrorism- United State - HistoryvJuvenile literature